000 00683nam a2200253Ia 4500
003 OSt
005 20221007081157.0
006 a|||||r|||| 00| 0
007 ta
008 221006b |||||||| |||| 00| 0 eng d
020 _a0379121492
024 _a19,474
037 _cTextual
040 _aFLL
_cFLL
_beng
041 _2eng
_aeng
082 _aZ1v, M3.2
100 _aFerencz Benjamin B.
_9137424
245 0 _aEnforcing international law-a way to world peace
260 _aNew York
_bOceana Publications, Inc. USA
_c1983
300 _a890p
_ccm.
490 _vVol. 2
942 _hZ1v, M3.2
_cTEXL
_2CC
999 _c1162306
_d1162306